000 00509nam a2200157Ia 4500
008 090124s9999 xx 000 0 und d
082 _b39347
245 _a सार्थ पूजा-संग्रह
250 _a0
260 _bएस. के. कौशिक
300 _a158
630 _a सार्थ पूजा-संग्रह
700 _aजोशी काशिनाथशास्त्री
730 _a सार्थ पूजा-संग्रह
942 _cBOOK
999 _c105459
_d105459